000 00442nam a22001817a 4500
003 ASAB
005 20180827062601.0
008 151217t xxu||||| |||| 00| 0 eng d
040 _cASAB
082 _a660.6
100 _aJohn e smith
_91372
245 _aBiotechnology
_cJohn e smith
250 _65th
260 _aCambridge
_bCambridge University press
_c2009
300 _a266 p.
630 _aBiotechnology
_94108
942 _2ddc
_cBK
999 _c479907
_d479907